[Event "Torun op"]
[Site "Torun"]
[Date "2002.??.??"]
[Round "8"]
[White "Lewandowski, Robert"]
[Black "Tymoszuk, S."]
[Result "1-0"]
[WhiteElo "1600"]
[BlackElo "1800"]
[PlyCount "38"]
[EventDate "2002.??.??"]
[EventType "swiss"]
[EventRounds "9"]
[EventCountry "POL"]
[SourceTitle "EXT 2007"]
[Source "ChessBase"]
[SourceDate "2006.11.23"]
[SourceVersion "1"]
[SourceVersionDate "2006.11.23"]
[SourceQuality "1"]

1. e4 c6 2. d4 d5 3. e5 Bf5 4. Bd3 Bxd3 5. Qxd3 e6 6. Nf3 Ne7 7. Bg5 Qb6 8. b3 Nd7 9. Nbd2 c5 10. c4 cxd4 11. 0-0 Nc6 12. cxd5 Nb4 13. Qe4 Nxd5 14. Nc4 Qa6 15. Nxd4 Nc5 16. Qf3 h6 17. Bh4 b5 18. Ne3 Nc3 19. Qxa8+ Kd7 1-0

[Event "Torun op"]
[Site "Torun"]
[Date "2002.??.??"]
[Round "6"]
[White "Tymoszuk, S."]
[Black "Romanowski, Filip"]
[Result "1/2-1/2"]
[WhiteElo "1800"]
[BlackElo "2000"]
[PlyCount "43"]
[EventDate "2002.??.??"]
[EventType "swiss"]
[EventRounds "9"]
[EventCountry "POL"]
[SourceTitle "EXT 2007"]
[Source "ChessBase"]
[SourceDate "2006.11.23"]
[SourceVersion "1"]
[SourceVersionDate "2006.11.23"]
[SourceQuality "1"]

1. e4 c5 2. Nf3 Nc6 3. d4 cxd4 4. Nxd4 e5 5. Nb5 a6 6. Nd6+ Bxd6 7. Qxd6 Qf6 8. Qd1 Qg6 9. Nc3 d5 10. f3 dxe4 11. Nxe4 Nf6 12. Nxf6+ gxf6 13. c3 Bf5 14. Be3 Bc2 15. Qd2 Rd8 16. Qf2 0-0 17. Be2 e4 18. 0-0 Bd3 19. fxe4 Bxe4 20. Rad1 Ne5 21. Rd4 Rxd4 22. Bxd4 1/2-1/2